000 00534 a2200157 4500
005 20250613142728.0
020 _a0-7506-6272-7
082 _aLECT 658.72 GRE
100 _aGREEFF, G.
245 _aPractical E-manufacturing and supply chain management
260 _aOxford,
_bNewnes,
_c2004.
300 _axi, 461p.: ill.; figure, graph, picture, table.
_bIndex,
_c26cm.
700 _aGHOSHAL, R.
856 _yAccess online book
_fPractical E-manufacturing and supply chain management
_dwww.newnespress.com
942 _2ddc
_cBKS
999 _c3884
_d3884